000 02502cam a22005414i 4500
003 PE-LiUPU
005 20250731184556.0
008 150625s2004 sp a rb 000 0 spa d
020 _a8470574825
035 _a(Sirsi) i9788470574825
040 _aPE-LiUPU
_bspa
_cPE-LiUPU
_erda
049 _aPRUA
082 0 4 _a933.0301
_bB38
_221
100 1 _aBen-Tor, Amnon,
_eautor.
245 1 3 _aLa arqueología del antiguo Israel /
_cAmnon Ben-Tor.
264 1 _aMadrid :
_bCristiandad,
_c2004.
300 _a687 páginas :
_bilustraciones ;
_c23 centímetros
336 _atext
_2rdacontent
337 _aunmediated
_2rdamedia
338 _avolume
_2rdacarrier
504 _aIncluye bibliografía.
505 0 _aEl período neolítico (Ofer Bar-Yosef) -- El período calcolítico (Rivka Gonen) -- La edad del bronce antiguo (Amnon Ben-Tor) -- La edad del bronce intermedio (Ram Gophna) -- La edad del bronce medio (Aharon Kempinski) -- La edad del bronce final (Rivka Gonen) -- La edad del hierro I (Amihai Mazar) -- La edad del hierro II y III (Gabriel Barkay).
526 _aP136
526 _aP135
526 _aP134
526 _aP133
526 _aP144
526 _aP143
526 _aP87
526 _aP35
526 _aP20
526 _aP14
526 _aP10
526 _aP06
541 _g006-35830;
541 _g007-0020527;
650 1 4 _aExcavaciones (arqueología)
_zIsrael.
651 4 _aPalestina
_xAntigüedades.
_93129
650 2 4 _aArqueología bíblica.
650 2 4 _aExcavaciones arqueológicas
_zPalestina.
942 _2ddc
_cBOOK
949 _a933.0301 B38
_wDEWEY
_c1
_i60926
_d2016-9-29
_e2016-9-26
_lCCODEBUL1
_mBUL
_n1
_p59.00
_r0
_sY
_tBOOK
_u2015-6-25
_xTEOLOGIA
_zUNKNOWN
_0COMPRA
_o.STAFF. Colección Teología
949 _a933.0301 B38
_wDEWEY
_c2
_i59021
_d2016-11-22
_e2016-11-22
_lCCODEBUL1
_mBUL
_n1
_p59.00
_r0
_sY
_tBOOK
_u2015-6-25
_xTEOLOGIA
_zUNKNOWN
_0COMPRA
_o.STAFF. Colección Teología
994 _aC0
_bPEPRU
596 _a1
999 _a933.0301 B38
_wDEWEY
_c47858
_i60926
_d47858
_e2018-1-21
_f2021-11-11
_g5
_lCCODEBUL1
_mBUL
_n2
_p59.00
_q3
_r0
_sY
_tBOOK
_u2015-6-25
_xTEOLOGIA
_PP35
_0COMPRA
_o.STAFF. Colección Teología
999 _a933.0301 B38
_wDEWEY
_c2
_i59021
_d2018-11-8
_e2018-10-9
_f2021-11-11
_g5
_lCCODEBUL1
_mBUL
_n3
_p57.00
_q4
_r0
_sY
_tBOOK
_u2015-6-25
_xTEOLOGIA
_zUNKNOWN
_0COMPRA
_o.STAFF. Colección Teología
980 _81
_gALBERTO SANCHEZ Responsable de Automatización